British Sports Stars By Surname - The Letter P (Photo Quiz) - Statistics

General Stats
  • This quiz has been taken 38 times
  • The average score is 8 of 20
Answer Stats
Picture Hint Answer % Correct
Born 1994 Football Jordan Pickford
88%
Born 1994 Swimming Adam Peaty
73%
Born 1964 Snooker John Parrott
58%
Born 1980 Cricket Kevin Pietersen
58%
Born 1982 Cricket Monty Panesar
58%
1935-2022 Horse Racing Lester Piggott
55%
Born 1970 Rowing Matthew Pinsent
55%
1909-1995 Tennis Fred Perry
52%
1943-2019 Football Martin Peters
52%
Born 1980 Cycling (Track) Victoria Pendleton
48%
Born 1976 Golf Ian Poulter
42%
Born 1939 Mary Peters
42%
Born 1999 Cycling (Road, MB & Cyclocross) Tom Pidcock
21%
Born 1966 Football Hope Powell
18%
1923-1998 Snooker John Pullman
18%
Born 1958 Cricket Derek Pringle
12%
1931-1991 Athletics Gordon Pirie
12%
Born 1947 Athletics Alan Pascoe
9%
Born 1942 Athletics Ann Packer
9%
Born 1964 Athletics Geoff Parsons
3%
No matching quizzes found
Score Distribution
Percent of People with Each Score
Percentile by Number Answered
Your Score History
You have not taken this quiz